[Event "Botvinnik 100th Open"]
[Site "St Petersburg RUS"]
[Date "2011.08.12"]
[Round "1"]
[White "Derbenev, Andrey"]
[Black "Kharchenko, Daniil"]
[Result "1-0"]
[WhiteElo "2331"]
[BlackElo "1938"]
[WhiteFideId "4154169"]
[BlackFideId "24101664"]
[EventDate "2011.08.12"]

1. d4 d5 2. Bf4 Nf6 3. e3 e6 4. Nf3 Bd6 5. Ne5 O-O 6. Bd3 c5 7. c3 Nc6 8. Nd2
Qc7 9. Ndf3 Ne4 10. Nxc6 Bxf4 11. Nce5 Bxe5 12. Nxe5 f6 13. Nf3 f5 14. Ne5 a6
15. O-O b5 16. a4 cxd4 17. cxd4 Bd7 18. Qc1 Qb7 19. Bxe4 fxe4 20. Qc5 bxa4 21.
Qe7 Ra7 22. f3 Bb5 23. Qxe6+ Kh8 24. Rf2 Qe7 25. Qxd5 exf3 26. Rxf3 Rxf3 27.
Qxf3 Qf6 28. Rc1 Re7 29. Rc8+ Re8 30. Rxe8+ Bxe8 31. Qxf6 gxf6 32. Nd3 Kg7 33.
Kf2 Kg6 34. e4 Bb5 35. Ke3 Kf7 36. Nc5 Ke7 37. Kf4 Kf7 38. d5 Ke7 39. e5 fxe5+
40. Kxe5 1-0

[Event "Botvinnik 100th Open"]
[Site "St Petersburg RUS"]
[Date "2011.08.12"]
[Round "1"]
[White "Ivanov, Timur"]
[Black "Boychuk, Evgeny"]
[Result "1-0"]
[WhiteTitle "IM"]
[WhiteElo "2325"]
[BlackElo "1889"]
[WhiteFideId "4115350"]
[BlackFideId "24155624"]
[EventDate "2011.08.12"]

1. Nf3 c6 2. c4 d5 3. d4 Nf6 4. e3 e6 5. Bd3 Bd6 6. Nc3 O-O 7. O-O Nbd7 8. e4
dxe4 9. Nxe4 Nxe4 10. Bxe4 Nf6 11. Bc2 h6 12. Re1 c5 13. Be3 cxd4 14. Bxd4 Be7
15. Ne5 Bd7 16. Qd3 Be8 17. Ng4 g6 18. Nxh6+ Kg7 19. Ng4 Rh8 20. Qc3 Bc6 21.
Rad1 Qc7 22. Be5 1-0

[Event "Botvinnik 100th Open"]
[Site "St Petersburg RUS"]
[Date "2011.08.12"]
[Round "1"]
[White "Shirokov, Alexander"]
[Black "Barhudarian, Rafael"]
[Result "1/2-1/2"]
[BlackTitle "FM"]
[WhiteElo "1888"]
[BlackElo "2325"]
[WhiteFideId "24178071"]
[BlackFideId "4182685"]
[EventDate "2011.08.12"]

1. d4 d6 2. Nf3 Nf6 3. b3 g6 4. Bb2 Bg7 5. g3 Bg4 6. Bg2 Qc8 7. Nbd2 Bh3 8. Bxh3
Qxh3 9. e4 d5 10. Qe2 dxe4 11. Nxe4 O-O 12. O-O-O a5 13. a3 Qf5 14. Rhe1 Ra6 15.
Nc5 Rb6 16. Qd3 Qxd3 17. Rxd3 Ng4 18. Re2 e6 19. h3 Nh6 20. g4 Rd8 21. d5 exd5
22. Bxg7 Kxg7 23. Re7 Na6 24. Nxa6 Rxa6 25. Rxc7 Rb6 26. Nd4 Re8 27. Kd2 Ng8 28.
g5 Re4 29. Rc5 a4 30. b4 Ne7 31. c3 h6 32. gxh6+ Kxh6 33. Re3 Rxe3 34. Kxe3 Kg7
35. Ne2 Re6+ 36. Kd3 b6 37. Rc7 Kf6 38. Nd4 Re1 39. Rb7 Ra1 40. Rxb6+ Ke5 41.
Nc2 Rd1+ 42. Ke2 Rc1 43. Kd2 Rf1 44. Ke2 Rc1 45. Kd2 Rf1 1/2-1/2

[Event "Botvinnik 100th Open"]
[Site "St Petersburg RUS"]
[Date "2011.08.12"]
[Round "1"]
[White "Bazeev, German"]
[Black "Chuprova, Irina"]
[Result "1-0"]
[WhiteElo "2312"]
[BlackElo "1866"]
[WhiteFideId "24119350"]
[BlackFideId "24138584"]
[EventDate "2011.08.12"]

1. d4 Nf6 2. c4 g6 3. Nc3 Bg7 4. e4 d6 5. Nf3 O-O 6. Be2 e5 7. O-O Nc6 8. d5 Ne7
9. Ne1 Ne8 10. f3 f5 11. g4 a5 12. Nd3 c6 13. Nf2 h6 14. Kg2 Kh7 15. h4 f4 16.
Rh1 Nf6 17. b3 Bd7 18. dxc6 Bxc6 19. Ba3 Nc8 20. Qc2 Qc7 21. Rac1 Ne7 22. Rhd1
Rad8 23. Nd5 Qd7 24. Rd2 Bxd5 25. cxd5 Rc8 26. Qd1 b5 27. b4 Rxc1 28. Qxc1 a4
29. Rc2 Rc8 30. Rxc8 Nxc8 31. Qc6 Na7 32. Qb6 Ne8 33. Qb8 Bf6 34. g5 hxg5 35.
Ng4 Be7 36. hxg5 Bxg5 37. Bb2 Nf6 38. Nxe5 dxe5 39. Bxe5 Nxd5 40. Qh8# 1-0

[Event "Botvinnik 100th Open"]
[Site "St Petersburg RUS"]
[Date "2011.08.12"]
[Round "1"]
[White "Fokin, Anatoly"]
[Black "Kurilov, Viktor"]
[Result "0-1"]
[WhiteElo "1855"]
[BlackElo "2312"]
[WhiteFideId "24124451"]
[BlackFideId "4157303"]
[EventDate "2011.08.12"]

1. d4 d5 2. c4 e6 3. Nc3 Nf6 4. Bg5 Nbd7 5. e3 c6 6. Nf3 Qa5 7. Nd2 Bb4 8. Qc2
O-O 9. Be2 e5 10. O-O exd4 11. exd4 dxc4 12. Bxf6 Nxf6 13. Nxc4 Qc7 14. Ne5 Be6
15. Bf3 Rad8 16. Rfd1 Rfe8 17. Ne4 Nxe4 18. Bxe4 g6 19. h4 Bd6 20. Re1 Bf8 21.
Rad1 Bg7 22. h5 Bd5 23. hxg6 hxg6 24. Bxd5 Rxd5 25. f4 Red8 26. Rd2 Rxd4 27.
Rxd4 Rxd4 28. g3 Rd8 29. Qb3 Re8 30. Nf3 Rxe1+ 31. Nxe1 Qe7 32. Kf1 Qe4 33. Qxb7
Qc4+ 34. Kg1 Bd4+ 35. Kh2 Qf1 36. Qc8+ Kg7 37. Qe8 Bg1+ 0-1

[Event "Botvinnik 100th Open"]
[Site "St Petersburg RUS"]
[Date "2011.08.12"]
[Round "1"]
[White "Vunder, Andrey"]
[Black "Khatenever, Feliks"]
[Result "1-0"]
[WhiteElo "2308"]
[BlackElo "1849"]
[WhiteFideId "4128338"]
[BlackFideId "4131800"]
[EventDate "2011.08.12"]

1. d4 Nf6 2. Nf3 g6 3. Bg5 Bg7 4. Nbd2 d6 5. c3 c6 6. e4 Nbd7 7. Be2 Qc7 8. O-O
O-O 9. Qc2 b5 10. a4 bxa4 11. Rxa4 Nb6 12. Ra3 h6 13. Bh4 c5 14. Rfa1 g5 15. Bg3
Nh5 16. dxc5 Nxg3 17. hxg3 dxc5 18. Nf1 Be6 19. Ne3 Rfd8 20. Ra5 c4 21. e5 Rd7
22. Nd4 Bd5 23. Nxd5 Rxd5 24. Rxd5 Nxd5 25. e6 Nf6 26. exf7+ Kxf7 27. Bf3 Rd8
28. Nc6 Rd7 29. Rxa7 Qd6 30. Rxd7 Nxd7 31. Qf5+ Nf6 32. Ne5+ Kg8 33. Nxc4 Qa6
34. Be2 e6 35. Qa5 Qc8 36. Nb6 Qf8 37. Qa8 Kf7 38. Qxf8+ Bxf8 39. Bf3 Bc5 40.
Nc4 Nd7 41. Kf1 Be7 42. Ke2 Nc5 43. g4 Bf8 44. Bc6 Nb3 45. Ba4 Nc5 46. Bc2 Nd7
47. f3 Bg7 48. Nd6+ Ke7 49. Ne4 Nb6 50. Bb3 Nd7 51. Ba2 Nb6 52. Nc5 Nd5 53. Bxd5
exd5 54. Nb3 Kd6 55. Nd4 Ke5 56. g3 Bf8 57. b4 Kf6 58. Kd3 Ke5 59. c4 dxc4+ 60.
Kxc4 Kd6 1-0

[Event "Botvinnik 100th Open"]
[Site "St Petersburg RUS"]
[Date "2011.08.12"]
[Round "1"]
[White "Babaev, David"]
[Black "Kuznetsov, Nikolay P."]
[Result "0-1"]
[BlackTitle "FM"]
[WhiteElo "1846"]
[BlackElo "2299"]
[WhiteFideId "4161408"]
[BlackFideId "4175379"]
[EventDate "2011.08.12"]

1. e4 d6 2. d4 Nf6 3. Bd3 e5 4. dxe5 dxe5 5. Ne2 Bc5 6. O-O Nbd7 7. c3 c6 8. b4
Bb6 9. Bb2 a5 10. a3 Nf8 11. Bc2 Be6 12. Nd2 Ng6 13. c4 O-O 14. c5 Bc7 15. Ng3
Qd7 16. Nf3 Rfd8 17. Qxd7 Rxd7 18. Rfd1 Rxd1+ 19. Bxd1 Bc4 20. Bc2 Rd8 21. Rd1
Rxd1+ 22. Bxd1 axb4 23. axb4 Bd3 24. Nd2 Nf4 25. f3 Bb5 26. Bc2 Nd7 27. Nb3 b6
28. Bc3 bxc5 29. bxc5 Ba4 30. Bb4 Ne6 31. Nf5 Kf8 32. Ne3 Ke8 33. Na5 Bxa5 34.
Bxa5 Bxc2 35. Nxc2 Ndxc5 36. Nb4 Kd7 37. Kf2 Nb7 38. Bb6 c5 39. Nd5 Kc6 40. Ba7
Nc7 41. Ne7+ Kd7 42. Nf5 g6 43. Ne3 f6 44. Ke2 Nb5 45. Bb6 Kc6 46. Nd5 f5 47.
Kd3 N7d6 48. Bd8 c4+ 49. Kc2 fxe4 50. Nb4+ Kd7 51. Bg5 exf3 52. gxf3 Ke6 53. Bd2
Nf5 54. Kc1 Nfd4 55. f4 exf4 56. Nc2 Nxc2 57. Kxc2 Kf5 0-1

[Event "Botvinnik 100th Open"]
[Site "St Petersburg RUS"]
[Date "2011.08.12"]
[Round "1"]
[White "Krivonos, Nikolay"]
[Black "Timirev, Sergey"]
[Result "1-0"]
[WhiteElo "2296"]
[BlackElo "1823"]
[WhiteFideId "4154568"]
[BlackFideId "24181676"]
[EventDate "2011.08.12"]

1. e4 c5 2. Nf3 Nc6 3. d4 cxd4 4. Nxd4 Nf6 5. Nc3 d6 6. Be2 e5 7. Nf3 h6 8. h3
Be6 9. O-O Be7 10. Be3 O-O 11. a3 d5 12. exd5 Nxd5 13. Nxd5 Qxd5 14. c4 Qxd1 15.
Rfxd1 Rfd8 16. b4 Bf6 17. Nd2 Nd4 18. Bxd4 Rxd4 19. Nb3 Rxd1+ 20. Rxd1 b6 21.
Rc1 Rd8 22. Kf1 e4 23. Rc2 Be5 24. Nd2 Bf5 25. Ra2 Bf4 26. Ke1 e3 27. Nf1 exf2+
28. Kxf2 g5 29. Ne3 Bb1 30. Rb2 Be4 31. Bf3 Bxf3 32. gxf3 Rd3 33. Nd5 Bc1 34.
Rc2 Bxa3 35. Ke2 Rb3 36. c5 bxc5 37. bxc5 Rb8 38. Kd3 Kg7 39. Kd4 Bb2+ 40. Kc4
Be5 41. Ra2 Rc8 42. Rxa7 Bd6 43. Ra5 h5 44. Kd4 Bh2 45. Ra1 Bg3 46. Ra2 Rd8 47.
c6 Kg6 48. Rc2 Bd6 49. c7 Bxc7 50. Rxc7 Rd6 51. Re7 f6 52. Ke4 Ra6 53. Rb7 Re6+
54. Kd4 Kf5 55. Rb5 Re5 56. Rb6 1-0

[Event "Botvinnik 100th Open"]
[Site "St Petersburg RUS"]
[Date "2011.08.12"]
[Round "1"]
[White "Antipova, Anastasia"]
[Black "Ivkina, Olga"]
[Result "0-1"]
[BlackTitle "WIM"]
[WhiteElo "1794"]
[BlackElo "2294"]
[WhiteFideId "24178705"]
[BlackFideId "4156820"]
[EventDate "2011.08.12"]

1. e4 e6 2. d4 d5 3. Nc3 Bb4 4. e5 c5 5. a3 Bxc3+ 6. bxc3 Ne7 7. Qg4 Qc7 8. Bd3
cxd4 9. Ne2 dxc3 10. Qxg7 Rg8 11. Qxh7 Nbc6 12. Bf4 Bd7 13. Bg3 O-O-O 14. O-O
Nxe5 15. Rab1 Bc6 16. Nd4 Rg4 17. Qh5 Rxg3 18. fxg3 Be8 19. Qe2 Qc5 20. Qxe5 Nc6
21. Qe3 Qxd4 22. Qxd4 Nxd4 23. g4 e5 24. Bf5+ Nxf5 25. Rxf5 e4 26. Rd1 Bc6 27.
Rd4 Kc7 28. Rxf7+ Kb6 29. Re7 Rg8 30. h3 Kc5 31. Rd1 a5 32. Re5 b5 33. Kf2 b4
34. a4 b3 35. cxb3 Rb8 36. Rc1 Rxb3 37. g5 Kd6 38. Rf5 d4 39. g6 e3+ 40. Ke2 Be4
41. g7 Rb2+ 42. Kf1 Rxg2 43. Rf4 e2+ 44. Ke1 d3 0-1

[Event "Botvinnik 100th Open"]
[Site "St Petersburg RUS"]
[Date "2011.08.12"]
[Round "1"]
[White "Toivonen, Alexander V."]
[Black "Dzhavathanov, Magomed"]
[Result "1-0"]
[WhiteTitle "FM"]
[WhiteElo "2292"]
[BlackElo "1794"]
[WhiteFideId "4107918"]
[BlackFideId "24106020"]
[EventDate "2011.08.12"]

1. d4 Nf6 2. c4 g6 3. Nc3 Bg7 4. e4 d6 5. f4 c5 6. d5 O-O 7. Nf3 Na6 8. Bd3 Nb4
9. Be2 Ng4 10. h3 Nf6 11. O-O Nh5 12. Kh2 Bh6 13. Ne1 Nf6 14. a3 Na6 15. Nd3 Nc7
16. b4 b6 17. Bb2 Bg7 18. e5 Nfe8 19. Bf3 Rb8 20. b5 a5 21. Qe2 e6 22. Rad1 exd5
23. Nxd5 Nxd5 24. Bxd5 Nc7 25. Nf2 Qe7 26. Rfe1 dxe5 27. Bxe5 Bxe5 28. Qxe5 Qxe5
29. Rxe5 Be6 30. Ne4 Kg7 31. Bxe6 Nxe6 32. f5 gxf5 33. Rxf5 Rbd8 34. Rfd5 Nd4
35. Nc3 f5 36. Re1 Kf6 37. Rxd8 Rxd8 38. Nd5+ Kg5 39. Nxb6 Nc2 40. Re5 Rd2 41.
Na4 Kf4 42. Rd5 Re2 43. b6 Ne3 44. b7 Rxg2+ 45. Kh1 Rg8 46. Rxc5 Kf3 47. Rc8 Rg3
48. b8=Q f4 49. Rg8 1-0

[Event "Botvinnik 100th Open"]
[Site "St Petersburg RUS"]
[Date "2011.08.12"]
[Round "1"]
[White "Tantsov, Peter"]
[Black "Turikov, Viktor"]
[Result "0-1"]
[BlackTitle "FM"]
[WhiteElo "1777"]
[BlackElo "2291"]
[WhiteFideId "24149489"]
[BlackFideId "4107810"]
[EventDate "2011.08.12"]

1. d4 e6 2. e4 b6 3. c4 Bb7 4. Nc3 Bb4 5. d5 Qe7 6. f3 c6 7. dxe6 dxe6 8. Be3
Nd7 9. Qc2 e5 10. Ne2 Ngf6 11. g3 O-O 12. Bg2 Rfd8 13. O-O Bc5 14. Bf2 Ba6 15.
b3 b5 16. Rad1 bxc4 17. bxc4 Bxf2+ 18. Rxf2 Qc5 19. Na4 Qxc4 20. Qxc4 Bxc4 21.
Nec3 Nb6 22. Rfd2 Rxd2 23. Rxd2 Nxa4 24. Nxa4 Kf8 25. Bf1 Bxf1 26. Kxf1 Rb8 27.
Nc5 Ke7 28. Ke2 Rb5 29. Rc2 Kd6 30. Nb3 Nd7 31. Rd2+ Kc7 32. Rc2 a5 33. Nd2 Nb6
34. Kd3 f6 35. Nc4 Nxc4 36. Kxc4 Rb4+ 37. Kc3 h5 38. Rb2 Ra4 39. Kb3 Rd4 40. Kc3
Rd1 41. f4 Rf1 42. fxe5 fxe5 43. Kd3 Rf3+ 44. Ke2 Ra3 45. Kd2 g5 46. Ke2 g4 47.
Rc2 Kd6 48. Kf2 c5 49. Ke2 Kc6 50. Kd2 Kb5 51. Ke2 c4 52. Rd2 Kb4 53. Rc2 Rd3
54. Kf2 Kc5 55. Ke2 Kd4 56. Kf2 a4 57. Ke2 c3 0-1

[Event "Botvinnik 100th Open"]
[Site "St Petersburg RUS"]
[Date "2011.08.12"]
[Round "1"]
[White "Uyanik, Mehmet"]
[Black "Orlov, Oleg"]
[Result "0-1"]
[WhiteElo "1719"]
[BlackElo "2290"]
[WhiteFideId "6363164"]
[BlackFideId "4166612"]
[EventDate "2011.08.12"]

1. e4 c5 2. Nf3 e6 3. d4 cxd4 4. Nxd4 Qb6 5. Nc3 Bc5 6. Na4 Qa5+ 7. Nc3 Be7 8.
Be3 a6 9. Nb3 Qc7 10. f4 d6 11. Be2 Nf6 12. O-O O-O 13. f5 Nbd7 14. fxe6 fxe6
15. Nd4 Ne5 16. Qe1 b5 17. Bd3 Bd7 18. h3 Nc4 19. Bc1 Qa7 20. Be3 Nxe3 21. Qxe3
Bd8 22. Nce2 e5 23. Nf5 Bb6 24. Nfd4 Bxd4 25. Nxd4 exd4 26. Qg3 Qc5 27. Rf2 Nh5
28. Qh4 Rxf2 29. Qxf2 Rf8 30. Qh4 Qe5 31. a4 bxa4 32. Bc4+ Kh8 33. Be2 Ng3 34.
Bf3 g5 35. Qh6 Rf6 0-1

[Event "Botvinnik 100th Open"]
[Site "St Petersburg RUS"]
[Date "2011.08.12"]
[Round "1"]
[White "Nuretdinov, Igor"]
[Black "Klimentiev, Sergey"]
[Result "0-1"]
[WhiteElo "2276"]
[BlackElo "1698"]
[WhiteFideId "14700085"]
[BlackFideId "24155896"]
[EventDate "2011.08.12"]

1. d4 d5 2. c4 e6 3. Nf3 dxc4 4. e3 a6 5. Bxc4 Nf6 6. O-O c5 7. dxc5 Qxd1 8.
Rxd1 Bxc5 9. Nbd2 O-O 10. b3 b6 11. Bb2 Bb7 12. Rac1 Rd8 13. Be2 Nbd7 14. Ne1
Rac8 15. Kf1 Be7 16. Rxc8 Rxc8 17. e4 Rc7 18. f3 b5 19. Nb1 Bc5 20. Rc1 Bd6 21.
Rxc7 Bxc7 22. g3 Ne5 23. Bd4 Nfd7 24. Nd3 Nxd3 25. Bxd3 Bd6 26. Ke2 Ne5 27. Bxe5
Bxe5 28. b4 g5 29. Kd2 Bd6 30. Kc3 h5 31. Nd2 h4 32. Nb3 hxg3 33. hxg3 Be5+ 34.
Kc2 Bxg3 35. Nc5 Bc8 36. Kb3 Kg7 37. a4 bxa4+ 38. Kxa4 Kf6 39. Bxa6 Bxa6 40.
Nxa6 Ke5 41. Kb5 Kf4 42. Kc6 Kxf3 43. b5 Bf2 44. Nc5 g4 45. b6 Bxc5 46. Kxc5 g3
47. b7 g2 48. b8=Q g1=Q+ 49. Kd6 Qd4+ 50. Ke7 Qxe4 51. Kxf7 e5 52. Qb3+ Qe3 53.
Qd1+ Kg3 54. Ke6 e4 55. Ke5 Qf4+ 56. Kd5 e3 57. Qg1+ Kh4 58. Qh1+ Kg5 59. Qg1+
Kf5 60. Qb1+ Kg4 61. Qb2 Qf3+ 62. Kc5 e2 63. Qg7+ Kh3 64. Qh6+ Kg2 65. Qg5+ Kf1
66. Qc1+ e1=Q 0-1

[Event "Botvinnik 100th Open"]
[Site "St Petersburg RUS"]
[Date "2011.08.12"]
[Round "1"]
[White "Bezobrazov, Lev"]
[Black "Donskov, Anatoly"]
[Result "0-1"]
[WhiteElo "1689"]
[BlackElo "2267"]
[WhiteFideId "4152409"]
[BlackFideId "24143413"]
[EventDate "2011.08.12"]

1. e4 c5 2. Nc3 Nc6 3. g3 g6 4. Bg2 Bg7 5. d3 e6 6. Nge2 Nge7 7. O-O O-O 8. Bg5
d6 9. Kh1 a6 10. a4 Qc7 11. Rb1 Rb8 12. Qd2 b5 13. axb5 axb5 14. Nd1 b4 15. Bh6
Nd4 16. Bxg7 Kxg7 17. Nxd4 cxd4 18. f4 f5 19. Nf2 Bd7 20. Bf3 Rfc8 21. Rbc1 Rb5
22. b3 Qa5 23. Ra1 Qb6 24. Ra2 Ra5 25. Rfa1 Rxa2 26. Rxa2 Qc5 27. Kg2 Rc7 28. h3
Nc6 29. g4 Na7 30. h4 Nb5 31. h5 Na3 32. Bd1 Bc6 33. Kg3 Nb1 34. Qc1 Nc3 35. Rb2
fxe4 36. f5 Qe5+ 37. Qf4 Qxf4+ 38. Kxf4 e5+ 39. Kg3 e3 40. Bf3 Bxf3 41. Ne4 Bxe4 0-1

[Event "Botvinnik 100th Open"]
[Site "St Petersburg RUS"]
[Date "2011.08.12"]
[Round "1"]
[White "Baryshpolets, Andrey"]
[Black "Kobzar, Alexandr"]
[Result "1/2-1/2"]
[WhiteTitle "IM"]
[WhiteElo "2474"]
[BlackElo "2184"]
[WhiteFideId "14117207"]
[BlackFideId "14113660"]
[EventDate "2011.08.12"]

1. d4 Nf6 2. c4 g6 3. Nf3 Bg7 4. g3 O-O 5. Bg2 d6 6. O-O Nc6 7. Nc3 Bf5 8. d5
Na5 9. Nd2 c5 10. e4 Bd7 11. Qc2 a6 12. b3 Rb8 13. Bb2 b5 14. Rab1 e5 15. dxe6
Bxe6 16. Nd5 Nc6 17. Rbd1 Nd7 18. Bxg7 Kxg7 19. f4 Nd4 20. Qd3 bxc4 21. bxc4 f6
22. Nb3 Bxd5 23. Nxd4 cxd4 24. cxd5 Rb4 25. Qxa6 Nc5 26. Qe2 Qb6 27. e5 fxe5 28.
fxe5 Rb2 29. Qe1 Rxf1+ 30. Bxf1 d3 31. Qe3 dxe5 32. Qxe5+ Kg8 33. Qe8+ Kg7 34.
Qe5+ Kg8 35. Qe8+ Kg7 36. Qe5+ Kg8 37. Kh1 Rb1 38. Qe8+ Kg7 39. Qe7+ Kg8 40.
Qe8+ Kg7 41. Qe7+ Kg8 42. Rxb1 Qxb1 43. Qe8+ 1/2-1/2

[Event "Botvinnik 100th Open"]
[Site "St Petersburg RUS"]
[Date "2011.08.12"]
[Round "1"]
[White "Atlas, Eduard"]
[Black "Polyaninov, Aleksey"]
[Result "1-0"]
[WhiteElo "2069"]
[BlackElo "2365"]
[WhiteFideId "24111767"]
[BlackFideId "4118499"]
[EventDate "2011.08.12"]

1. e4 e6 2. d4 d5 3. Nc3 Nf6 4. exd5 exd5 5. Bd3 c5 6. dxc5 Bxc5 7. Nf3 O-O 8.
O-O h6 9. h3 Nc6 10. Bf4 Be6 11. Qd2 Re8 12. Rfe1 d4 13. Ne4 Bb4 14. c3 dxc3 15.
bxc3 Nxe4 16. Rxe4 Bf8 17. Rb1 Qd7 18. Nd4 Bd5 19. Rxe8 Rxe8 20. Bf5 Qe7 21. Nb5
Be6 22. Bxe6 Qxe6 23. Nc7 Qe4 24. Rxb7 Rd8 25. Qe3 Qc4 26. Rb1 Bc5 27. Qf3 Rd3
28. Qg4 h5 29. Qc8+ Rd8 30. Qf5 g6 31. Qg5 Bxf2+ 32. Kh2 h4 33. Qf6 Qd3 34. Ra1
Qe2 35. Qxc6 Rd3 36. Qe8+ Qxe8 37. Nxe8 Rxc3 38. Nf6+ Kg7 39. Ne4 Rc4 40. Be5+
f6 41. Bxf6+ Kf7 42. Nd6+ 1-0

[Event "Botvinnik 100th Open"]
[Site "St Petersburg RUS"]
[Date "2011.08.12"]
[Round "1"]
[White "Serov, Maksim"]
[Black "Bezulenko, Evgeny"]
[Result "1-0"]
[WhiteElo "2364"]
[BlackElo "1928"]
[WhiteFideId "4181905"]
[BlackFideId "24105996"]
[EventDate "2011.08.12"]

1. d4 g6 2. c4 Bg7 3. Nf3 d6 4. g3 Nf6 5. Bg2 Nbd7 6. O-O O-O 7. Qc2 c5 8. Rd1
Rb8 9. Nc3 a6 10. a4 Qc7 11. b3 cxd4 12. Nxd4 e5 13. Nf3 Nc5 14. e4 Bg4 15. Be3
Rfc8 16. Rd2 h6 17. Rad1 Bf8 18. h3 Bd7 19. b4 Ne6 20. Nd5 Nxd5 21. exd5 Nd4 22.
Nxd4 exd4 23. Rxd4 Bg7 24. Rc1 Bxd4 25. Bxd4 Qd8 26. Bb2 Kh7 27. c5 a5 28. Qc3
Qf8 29. Qd4 axb4 30. c6 Be8 31. Qf6 bxc6 32. dxc6 Rb6 33. c7 Bxa4 34. Bd5 Bd7
35. Bxf7 Be8 36. Qxg6# 1-0

[Event "Botvinnik 100th Open"]
[Site "St Petersburg RUS"]
[Date "2011.08.12"]
[Round "1"]
[White "Filin, Evgeny"]
[Black "Kiselev, Pavel"]
[Result "0-1"]
[WhiteElo "1705"]
[BlackElo "2191"]
[WhiteFideId "24184764"]
[BlackFideId "4191102"]
[EventDate "2011.08.12"]

1. e4 c5 2. Nf3 e6 3. d3 Nc6 4. c3 d5 5. Nbd2 Nf6 6. e5 Nd7 7. d4 cxd4 8. cxd4
Qb6 9. Nb3 a5 10. Rb1 a4 11. Na1 Bb4+ 12. Bd2 Nxd4 13. Nxd4 Qxd4 14. Nc2 Qxd2+
15. Qxd2 Bxd2+ 16. Kxd2 Nxe5 17. f4 Nc6 18. Bb5 Bd7 19. Rhe1 Na7 20. Bxd7+ Kxd7
21. Nd4 Nc6 22. Nf3 h6 23. g4 Rhc8 24. a3 Na5 25. Ne5+ Ke7 26. f5 Nc4+ 27. Kd3
Nxe5+ 28. Rxe5 Ra6 29. Rbe1 Kd7 30. h4 Rb6 31. R1e2 Rb3+ 0-1

[Event "Botvinnik 100th Open"]
[Site "St Petersburg RUS"]
[Date "2011.08.12"]
[Round "1"]
[White "Solovyov, Viktor"]
[Black "Sieghardt, Walter"]
[Result "1-0"]
[WhiteElo "2264"]
[BlackElo "1681"]
[WhiteFideId "4102754"]
[BlackFideId "24633836"]
[EventDate "2011.08.12"]

1. Nf3 d5 2. d4 e6 3. c4 b6 4. Nc3 Bb7 5. cxd5 exd5 6. g3 Nf6 7. Bg2 c6 8. O-O
Be7 9. Bf4 O-O 10. Qc2 Re8 11. Rad1 h6 12. Rfe1 Bf8 13. Ne5 Nbd7 14. e4 g5 15.
exd5 cxd5 16. Bc1 Bg7 17. Qb3 Nf8 18. h3 Re6 19. f4 N8h7 20. Kh2 Re7 21. fxg5
Nxg5 22. Rf1 Nge4 23. Nxe4 Nxe4 24. Nxf7 Rxf7 25. Rxf7 Kxf7 26. Bxe4 Kg8 27. Bf4
Kh8 28. Bg2 Rc8 29. Qe3 Qf8 30. Rf1 Qb4 31. Be5 Re8 32. Qxh6+ 1-0

[Event "Botvinnik 100th Open"]
[Site "St Petersburg RUS"]
[Date "2011.08.13"]
[Round "2"]
[White "Kashtanov, Ruslan"]
[Black "Zvjaginsev, Vadim"]
[Result "0-1"]
[WhiteTitle "IM"]
[BlackTitle "GM"]
[WhiteElo "2360"]
[BlackElo "2659"]
[WhiteFideId "4124871"]
[BlackFideId "4113403"]
[EventDate "2011.08.12"]

1. e4 d6 2. d4 Nf6 3. Nc3 g6 4. Bg5 c6 5. f4 Bg7 6. Qd2 O-O 7. Bd3 Na6 8. a3 c5
9. d5 Rb8 10. a4 Nb4 11. Nf3 Nxd3+ 12. Qxd3 Qb6 13. Nd2 Qb4 14. O-O Qd4+ 15.
Qxd4 cxd4 16. Ne2 Re8 17. h3 Nd7 18. Ra2 f5 19. Nb3 fxe4 20. Nexd4 Nb6 21. Re1
Nxd5 22. Rxe4 h6 23. Bh4 e5 24. fxe5 dxe5 25. c3 Bxh3 26. gxh3 exd4 27. Rxe8+
Rxe8 28. Nxd4 Bxd4+ 29. cxd4 Re3 30. Ra3 Rxa3 31. bxa3 Kf7 32. Be1 Ke6 33. Bd2
g5 34. h4 Kf5 35. hxg5 hxg5 36. Kf2 g4 37. a5 a6 38. Kg3 Nf6 39. Be3 Ne4+ 40.
Kh4 Nc3 41. Bd2 Nb5 42. d5 Nxa3 43. d6 Ke6 44. Kxg4 Nc4 45. Bb4 Ne5+ 46. Kg5 Nc6
47. Be1 Kxd6 48. Kf6 Kc5 0-1

[Event "Botvinnik 100th Open"]
[Site "St Petersburg RUS"]
[Date "2011.08.13"]
[Round "2"]
[White "Khismatullin, Denis"]
[Black "Serov, Maksim"]
[Result "1-0"]
[WhiteTitle "GM"]
[WhiteElo "2656"]
[BlackElo "2364"]
[WhiteFideId "4142578"]
[BlackFideId "4181905"]
[EventDate "2011.08.12"]

1. d4 f5 2. Nf3 Nf6 3. g3 g6 4. c4 Bg7 5. b4 O-O 6. Bb2 d6 7. Bg2 c6 8. O-O h6
9. Qd3 Be6 10. Nbd2 Nbd7 11. Nh4 Qe8 12. e4 fxe4 13. Nxe4 g5 14. Nxf6+ Rxf6 15.
d5 Ne5 16. Bxe5 dxe5 17. dxe6 gxh4 18. Rad1 Rxe6 19. c5 hxg3 20. hxg3 Rb8 21.
Be4 h5 22. Kg2 Rh6 23. Rh1 Qf7 24. Qe2 e6 25. Rh3 Bf6 26. Rdh1 Kg7 27. Rxh5 Rxh5
28. Rxh5 Rh8 29. Rxh8 Kxh8 30. b5 Kg7 31. bxc6 bxc6 32. Qg4+ Kf8 33. Bxc6 Qc7
34. Qxe6 Be7 35. Bd5 1-0

[Event "Botvinnik 100th Open"]
[Site "St Petersburg RUS"]
[Date "2011.08.13"]
[Round "2"]
[White "Savchenko, Boris"]
[Black "Sichinava, Zviad"]
[Result "0-1"]
[WhiteTitle "GM"]
[WhiteElo "2615"]
[BlackElo "2364"]
[WhiteFideId "4147332"]
[BlackFideId "24111716"]
[EventDate "2011.08.12"]

1. e4 e6 2. d4 d5 3. Nc3 Bb4 4. e5 c5 5. a3 Ba5 6. b4 cxd4 7. Qg4 Ne7 8. bxa5
dxc3 9. Qxg7 Rg8 10. Qxh7 Nbc6 11. Nf3 Qxa5 12. Ng5 Rf8 13. f4 Bd7 14. Bd3 Nb4
15. axb4 Qxa1 16. Kf2 Qa4 17. Qg7 Qxb4 18. Nh7 Nc6 19. h4 Qc5+ 20. Ke2 Nd4+ 21.
Kd1 Bb5 22. Bxb5+ Nxb5 23. Nxf8 Qxf8 24. Qg3 a5 25. h5 a4 26. h6 a3 27. h7 a2
28. Qd3 O-O-O 29. Qxb5 a1=Q 30. h8=Q Qxh8 31. Qc5+ Kb8 32. Rxh8 Rxh8 33. Qg1 Qb1
34. g4 d4 35. Qf1 Rh2 0-1

[Event "Botvinnik 100th Open"]
[Site "St Petersburg RUS"]
[Date "2011.08.13"]
[Round "2"]
[White "Alexikov, Alexander"]
[Black "Aleksandrov, Aleksej"]
[Result "1/2-1/2"]
[WhiteTitle "IM"]
[BlackTitle "GM"]
[WhiteElo "2353"]
[BlackElo "2609"]
[WhiteFideId "14103958"]
[BlackFideId "13500139"]
[EventDate "2011.08.12"]

1. e4 e5 2. Nf3 Nc6 3. Bb5 a6 4. Bxc6 dxc6 5. O-O f6 6. d4 exd4 7. Nxd4 c5 8.
Nb3 Qxd1 9. Rxd1 Bg4 10. f3 Be6 11. Nc3 c4 12. Nd4 Bf7 13. Be3 O-O-O 14. Nf5
Rxd1+ 15. Rxd1 g6 16. Ng3 Ne7 17. Kf1 Bg7 18. Ke1 Nc6 19. Nge2 Re8 20. Kf2 b5
21. a3 Ne5 22. h3 Bf8 23. Nd5 Nd7 24. Bf4 Bxd5 25. Rxd5 Nb6 26. Rd1 Na4 27. Bc1
Bc5+ 28. Kf1 Bd6 29. b3 cxb3 30. cxb3 Nc5 31. b4 Na4 32. Nd4 Nb6 33. Kf2 Nc4 34.
Nc2 Rd8 35. Ne3 Nxe3 36. Bxe3 Kb7 37. Rd3 h5 38. f4 Be7 39. Rxd8 Bxd8 40. g4
hxg4 41. hxg4 1/2-1/2